000 00333nam a2200133Ia 4500
005 20260326100024.0
008 260326s9999||||xx |||||||||||||| ||und||
100 _aGropius, Walter
245 0 _aAlcances de la Arquitectura integral /
_cWalter Gropius
260 _bLa Isla
300 _a197 p.
650 _aARQUITECTURA
942 _cBK
999 _c6302
_d6302